Zgadnij państwo po podpowiedzi - Statystyki

Ogólne statystyki
  • Ten quiz został rozwiązany 37 razy
  • Średni wynik to 6 z 10
Statystyki odpowiedzi
Podpowiedź Państwo % Poprawnych
Państwo z pierwszą konstytucją na świecie Stany Zjednoczone
100%
Największe państwo Europy Rosja
88%
2 największe państwo Azji Chiny
85%
Najmniejsze państwo świata Watykan
85%
To państwo jest 2 największym państwem świata Kanada
76%
Największe państwo na Karaibach Kuba
65%
Państwo, które było więzieniem dawnej Angli Australia
50%
Państwo wyspiarskie w Europie, które leży międzyWielką Brytanią, a Grenlandią Wyspy Owcze
21%
Państwo leżące pomiędzy Austriom, a Szwajcarią Lichenstien
3%
Najmłodsze państwo świata Republika Środkowoafrykańska
3%
Nie znaleziono quizów pasujących do podanych kryteriów
Rozkład punktacji
Procent ludzi z każdym wynikiem
Percentyl według liczby udzielonych odpowiedzi
Twoja historia wyników
Nie rozwiązałeś tego quizu